00991cam a22002651 4500001001300000003000400013005001700017008004100034010001700075035001900092040002700111042001200138050002200150082001400172100004700186245007200233260007100305300006400376490007600440500002600516500009400542504002800636650004400664999001700708gs 37000050 DLC20260227111341.0761221s1936 tnub 001 0 eng  ags 37000050  a(OCoLC)2637859 aDLCcLLafSdOCoLCdDLC apremarc00aTN24.T2bA32 1936 a553.097681 aBorn, Kendall E.q(Kendall Eugene),d1908-00aSummary of the mineral resources of Tennessee,cby Kendall E. Born. aNashville, Tenn.,bDept. of Education, Division of Geology,c1936. avi, 102 p.bincl. tables. 2 maps (1 fold.) 2 diagr.c23 cm.0 aTennessee. Division of Geology. Resources of Tennessee (2d series) 1936 aErrata slip inserted. a"Printed with the aid of Works Progress Administration, Official project no. 65-44-1745." aBibliography: p. 90-97. 0aMines and mineral resourceszTennessee. c27331d27331